000 01518nam0a2200361 4500
001 RU\NLR\BIBL_A\022602491
005 20260420052152.0
010 _a978-5-9951-6289-6
_93000
021 _aRU
_bКН-П-25-037527
_9КН-П-25-3680
035 _a(NLR Aleph) 022602491
090 _a13681882
_c13681882
100 _a20250818d2025 c y0rusy50 ca
101 0 _arus
102 _aRU
105 _aa|||z|||000zy
181 0 _ab3
_bbb2e
181 0 _ai1
_baxxe
182 0 _an
200 1 _aКорабли
_eраскраска с наклейками
_e[для детей младшего школьного возраста
_fавтор-составитель: М. Калугина
_gхудожники: М. Бондаренко и др.]
203 _aИзображение
_aТекст
_bвизуальные
_cнепосредственные
210 _aМосква
_cСтрекоза
_d2025
210 _aМосква
_cСтрекоза
_d2025
215 _a[8] с., [2] л. цв. наклеек
_cил.
_d26
225 1 _aСерия "Раскраска с наклейками. Для мальчиков"
333 _a6+
686 0 _aШ9(2)60=Р7-8
702 1 _aКалугина
_bМ.
_4220
702 1 _4040
_7ca
_8rus
_aБондаренко
_bМ. В.
_cхудожник
_gМихаил В.
_958824
_3RU\NLR\AUTH\7775896
942 _cBOOK
980 _aNB